[Event "Pribina - TPK Cup   Mistrovství ÈR junio"]
[Site "Havlíèkùv Brod - hotel Slunce"]
[Date "2012.11.26"]
[Round "2.30"]
[White "Stránská, Kamila"]
[Black "Rojíková, Lenka"]
[Result "1-0"]
[WhiteElo "1627"]
[BlackElo "1866"]
[PlyCount "129"]
[EventDate "2012.11.25"]

1. e4 c5 2. Nc3 Nc6 3. f4 g6 4. Nf3 Bg7 5. g3 d6 6. Bg2 e5 7. d3 Nge7 8. fxe5
dxe5 9. Be3 Nd4 10. O-O O-O 11. Ne2 Bg4 12. Qd2 Qc7 13. Rae1 Rad8 14. h3 Nxf3+
15. Bxf3 Bxh3 16. Rf2 f5 17. Rh2 fxe4 18. Bxe4 Bf5 19. Bh6 Nc8 20. Bxg7 Qxg7
21. Qc3 Bxe4 22. dxe4 b6 23. Qc4+ Qf7 24. Qxf7+ Rxf7 25. Nc3 Ne7 26. Rhe2 Nc6
27. Rf1 Nd4 28. Ref2 Rdf8 29. Rxf7 Rxf7 30. Rc1 b5 31. Kg2 a6 32. Nd5 Kg7 33.
c3 Ne6 34. Re1 c4 35. Re2 Nc5 36. Nb4 Rd7 37. Kf3 a5 38. Nd5 Rf7+ 39. Kg2 g5
40. g4 Nd3 41. a3 Nf4+ 42. Nxf4 gxf4 43. Rd2 Rb7 44. Rd5 Kf6 45. Rc5 Ke6 46.
Kf2 Rb6 47. Ke2 Kf6 48. Kf2 Rb7 49. Ke2 h5 50. gxh5 Rh7 51. Rxb5 Rxh5 52. Rxa5
Rh2+ 53. Kf3 Rh3+ 54. Kf2 Re3 55. Ra8 Rxe4 56. a4 Re3 57. a5 Rh3 58. a6 Rh2+
59. Kf1 Rxb2 60. a7 Ra2 61. Rf8+ Ke6 62. a8=Q Rxa8 63. Rxa8 Kd5 64. Rc8 e4 65.
Rd8+ 1-0

[Event "Pribina - TPK Cup   Mistrovství ÈR junio"]
[Site "Havlíèkùv Brod - hotel Slunce"]
[Date "2012.11.26"]
[Round "2.31"]
[White "Navrátil, Marek"]
[Black "Skoøepa, Tomáš"]
[Result "1-0"]
[WhiteElo "1861"]
[BlackElo "1695"]
[PlyCount "61"]
[EventDate "2012.11.25"]

1. e4 c5 2. Nf3 e6 3. d4 cxd4 4. Nxd4 a6 5. Bd3 Qc7 6. Qe2 d6 7. O-O Nf6 8. Kh1
Be7 9. f4 Nbd7 10. a4 b6 11. Nc3 Bb7 12. Bd2 O-O 13. Rae1 Rfd8 14. Nf3 Nc5 15.
e5 Nd5 16. Ne4 Nxa4 17. exd6 Bxd6 18. Nxd6 Qxd6 19. Qe4 Nc5 20. Qxh7+ Kf8 21.
Ne5 Nxd3 22. cxd3 Nf6 23. Qh8+ Ng8 24. Bc3 f6 25. Qh5 Nh6 26. Ng6+ Kg8 27. Bxf6
gxf6 28. Qxh6 Bd5 29. Qh8+ Kf7 30. Ne5+ Ke7 31. Qg7+ 1-0

[Event "Pribina - TPK Cup   Mistrovství ÈR junio"]
[Site "Havlíèkùv Brod - hotel Slunce"]
[Date "2012.11.26"]
[Round "2.32"]
[White "Steinhauserová, Anna"]
[Black "Žitná, Aneta"]
[Result "1-0"]
[WhiteElo "1821"]
[BlackElo "1548"]
[PlyCount "29"]
[EventDate "2012.11.25"]

1. d4 d5 2. Nf3 Nf6 3. Bg5 Nc6 4. e3 e6 5. c3 Be7 6. Nbd2 O-O 7. Bd3 Re8 8. Qc2
g6 9. h4 Nd7 10. Bxe7 Qxe7 11. h5 e5 12. hxg6 hxg6 13. Bxg6 fxg6 14. Qxg6+ Qg7
15. Qxe8+ 1-0

[Event "Pribina - TPK Cup   Mistrovství ÈR junio"]
[Site "Havlíèkùv Brod - hotel Slunce"]
[Date "2012.11.26"]
[Round "2.33"]
[White "Kovaøík, Matyáš"]
[Black "Danìk, Daniel"]
[Result "0-1"]
[WhiteElo "1539"]
[BlackElo "1802"]
[PlyCount "74"]
[EventDate "2012.11.25"]

1. e4 Nf6 2. e5 Nd5 3. d4 d6 4. Nf3 g6 5. Bc4 c6 6. exd6 Qxd6 7. O-O Bg7 8. c3
O-O 9. Re1 Bg4 10. h3 Bxf3 11. Qxf3 e6 12. Nd2 Nd7 13. Ne4 Qc7 14. Bg5 e5 15.
dxe5 Nxe5 16. Qe2 Nxc4 17. Qxc4 Qb6 18. Qb3 h6 19. Bh4 g5 20. Bg3 f5 21. Nd6 f4
22. Bh2 Qc7 23. Re6 Rad8 24. Ne4 Qf7 25. Rd6 Rxd6 26. Nxd6 Qd7 27. Ne4 f3 28.
Nc5 Qf5 29. g4 Qg6 30. c4 Nf4 31. Qxf3 Bd4 32. Nxb7 Nd3 33. Qd1 Bxf2+ 34. Kf1
Be1+ 35. Kg1 Qe4 36. Qc2 Qe3+ 37. Kh1 Rf1+ 0-1

[Event "Pribina - TPK Cup   Mistrovství ÈR junio"]
[Site "Havlíèkùv Brod - hotel Slunce"]
[Date "2012.11.26"]
[Round "2.34"]
[White "Šroubová, Lenka"]
[Black "Steinhauser, Václav"]
[Result "1/2-1/2"]
[WhiteElo "1790"]
[BlackElo "1534"]
[PlyCount "112"]
[EventDate "2012.11.25"]

1. d3 d5 2. Nf3 Nc6 3. g3 Nf6 4. Bg2 Bg4 5. O-O e5 6. c4 d4 7. Bd2 Bd6 8. b4 a6
9. Na3 O-O 10. c5 Be7 11. Nc4 e4 12. Nfe5 Nxe5 13. Nxe5 Bf5 14. Qc2 Qd5 15. Nc4
Rfe8 16. Bf4 Rac8 17. Qb2 Nh5 18. Bd2 Nf6 19. Rfd1 Rcd8 20. Rac1 Qe6 21. Bf4
Nd5 22. dxe4 Bxe4 23. Be5 Bxg2 24. Kxg2 Bf6 25. Bxd4 Bxd4 26. Rxd4 Qxe2 27.
Qxe2 Rxe2 28. Rcd1 c6 29. Nd6 Rd7 30. a4 g6 31. b5 axb5 32. axb5 Rc2 33. Nxb7
Rxb7 34. bxc6 Rc7 35. Rxd5 Rxc6 36. Rd8+ Kg7 37. Re1 R6xc5 38. g4 Rc8 39. Rd7
R8c4 40. h3 Rf4 41. Rf1 Rfc4 42. Kg3 R2c3+ 43. f3 Rc7 44. Rfd1 R7c6 45. g5 R6c5
46. Kg4 Rf5 47. R1d3 Rc4+ 48. R3d4 Rxd4+ 49. Rxd4 Rc5 50. Rd7 Rc4+ 51. f4 Rc3
52. h4 Rc1 53. Kg3 Rc3+ 54. Kg4 Rc1 55. Kf3 Rc3+ 56. Kg4 Rc1 1/2-1/2

[Event "Pribina - TPK Cup   Mistrovství ÈR junio"]
[Site "Havlíèkùv Brod - hotel Slunce"]
[Date "2012.11.26"]
[Round "2.35"]
[White "Tobišková, Petra"]
[Black "Škuthan, Jiøí"]
[Result "0-1"]
[WhiteElo "1515"]
[BlackElo "1782"]
[PlyCount "62"]
[EventDate "2012.11.25"]

1. d4 Nf6 2. Nf3 g6 3. Bf4 Bg7 4. e3 O-O 5. Bd3 d6 6. c3 Nbd7 7. O-O c5 8. Re1
Re8 9. Bc2 b6 10. e4 Bb7 11. Nbd2 cxd4 12. cxd4 e5 13. dxe5 dxe5 14. Bg5 Nc5
15. b4 Nd3 16. Bxd3 Qxd3 17. Re3 Qb5 18. Rb1 Rac8 19. a4 Qc6 20. Ne1 Red8 21.
b5 Qe6 22. f3 h6 23. Bh4 Qa2 24. Rd3 Rxd3 25. Nxd3 Rd8 26. Nb2 Rxd2 27. Qxd2
Qxb1+ 28. Kf2 Kh7 29. Nc4 Qb3 30. Nxe5 Nxe4+ 31. fxe4 Bxe5 0-1

[Event "Pribina - TPK Cup   Mistrovství ÈR junio"]
[Site "Havlíèkùv Brod - hotel Slunce"]
[Date "2012.11.26"]
[Round "2.36"]
[White "Kopøiva, Martin"]
[Black "Zlámaná, Anna"]
[Result "1-0"]
[WhiteElo "1776"]
[BlackElo "1484"]
[PlyCount "93"]
[EventDate "2012.11.25"]

1. e4 e5 2. Nf3 Nc6 3. Nc3 Nf6 4. Bb5 Bb4 5. O-O O-O 6. d3 d6 7. Bg5 h6 8. Bh4
Bxc3 9. bxc3 Bg4 10. Qe2 a6 11. Ba4 g5 12. Bg3 d5 13. Bxc6 bxc6 14. Qe3 Bxf3
15. Qxf3 Re8 16. Rfe1 dxe4 17. dxe4 Nh7 18. Red1 Qf6 19. Qe3 Rad8 20. Qc5 Rd6
21. Qa5 Red8 22. Rxd6 Qxd6 23. Qxa6 Qc5 24. c4 Qd4 25. Re1 Qxe4 26. Qa5 Qxc2
27. Qxe5 Rd1 28. h3 Rxe1+ 29. Qxe1 Qxa2 30. Qe8+ Kg7 31. Qxc6 Qe2 32. Qxc7 Nf8
33. c5 Ne6 34. Qd6 h5 35. c6 Qa6 36. c7 Qxd6 37. Bxd6 Nxc7 38. Bxc7 Kg6 39. Kf1
Kf5 40. Ke2 g4 41. h4 Ke6 42. Ke3 f5 43. Kf4 Kf6 44. g3 Kg6 45. Ke5 Kg7 46.
Kxf5 Kh6 47. Kf6 1-0

[Event "Pribina - TPK Cup   Mistrovství ÈR junio"]
[Site "Havlíèkùv Brod - hotel Slunce"]
[Date "2012.11.26"]
[Round "2.37"]
[White "Suchomelová, Simona"]
[Black "Suchomel, Jan"]
[Result "0-1"]
[WhiteElo "1757"]
[BlackElo "1435"]
[PlyCount "34"]
[EventDate "2012.11.25"]

1. e4 e5 2. Nf3 Nc6 3. Bc4 Nf6 4. Ng5 d5 5. exd5 Na5 6. Bb5+ c6 7. dxc6 bxc6 8.
Bd3 Bc5 9. O-O O-O 10. h3 h6 11. Ne4 Bb6 12. b4 Nb7 13. Bb2 Re8 14. Nbc3 Nd5
15. Nxd5 cxd5 16. Ng3 Qh4 17. a3 Qxg3 0-1

[Event "Pribina - TPK Cup   Mistrovství ÈR junio"]
[Site "Havlíèkùv Brod - hotel Slunce"]
[Date "2012.11.26"]
[Round "2.38"]
[White "Valterová, Veronika"]
[Black "Schaffer, Ondøej"]
[Result "0-1"]
[WhiteElo "1339"]
[BlackElo "1748"]
[PlyCount "34"]
[EventDate "2012.11.25"]

1. e4 e6 2. d4 d5 3. Nd2 c5 4. Ngf3 Nc6 5. c3 cxd4 6. cxd4 Bb4 7. Bb5 dxe4 8.
Ne5 Bd7 9. Bxc6 Bxc6 10. O-O Nf6 11. Ndc4 Qd5 12. Bg5 Be7 13. Ne3 Qb5 14. Rc1
Rc8 15. f3 O-O 16. Bxf6 Bxf6 17. N3g4 Be7 0-1

[Event "Pribina - TPK Cup   Mistrovství ÈR junio"]
[Site "Havlíèkùv Brod - hotel Slunce"]
[Date "2012.11.26"]
[Round "2.39"]
[White "Šaffová, Michaela"]
[Black "Kubitová, Alžbìta"]
[Result "1-0"]
[WhiteElo "1743"]
[BlackElo "1422"]
[PlyCount "55"]
[EventDate "2012.11.25"]

1. e4 c5 2. c3 Nc6 3. d4 cxd4 4. cxd4 Nf6 5. Nc3 d6 6. Bb5 a6 7. Ba4 b5 8. Bc2
g6 9. d5 Ne5 10. f4 Nc4 11. b3 Qa5 12. Nge2 Bg4 13. O-O Qb6+ 14. Qd4 b4 15.
bxc4 Qxd4+ 16. Nxd4 bxc3 17. e5 dxe5 18. fxe5 Nd7 19. h3 Nxe5 20. hxg4 Nxc4 21.
Ba4+ Kd8 22. Nc6+ Kc8 23. Rxf7 Nb6 24. Bb3 a5 25. a4 Kd7 26. Bg5 Nc8 27. Bf6
Rg8 28. Bxc3 1-0